000 006070000a22001810004500
003 MACL
005 20160609155926.0
008 160609b xxu||||| |||| 00| 0 eng d
040 _aMACL
_cMACL
041 _aHindi
082 _a333
100 _aशर्मा, विष्‍णुदत्‍त
_963580
245 _aपर्यावरणीय प्रदूषण
_cविष्‍णुदत्‍त शर्मा
260 _bआर्य प्रकाशन मंडल
_c1994
_aदिल्‍ली
350 _a100
650 _aEnvironment
_963581
942 _cHIN
_k333
_2ddc
999 _c29774
_d29774